[Event "Russian Cup Final Women"]
[Site "Khanty-Mansiysk RUS"]
[Date "2015.12.05"]
[Round "1.1"]
[White "Bivol, Alina"]
[Black "Bodnaruk, Anastasia"]
[Result "1/2-1/2"]
[WhiteTitle "WIM"]
[BlackTitle "IM"]
[WhiteElo "2344"]
[BlackElo "2456"]
[WhiteFideId "4100123"]
[BlackFideId "4181751"]
[EventDate "2015.12.05"]

1. e4 c5 2. Nf3 d6 3. d4 cxd4 4. Nxd4 Nf6 5. Nc3 a6 6. Be2 e5 7. Nf3 Be7 8. h3
O-O 9. O-O h6 10. Re1 b5 11. Bf1 Bb7 12. a4 b4 13. Nd5 Nxd5 14. exd5 Nd7 15. c4
a5 16. Qe2 f5 17. Nd4 Nc5 18. g3 Rf7 19. Ne6 Nxe6 20. dxe6 Rf6 21. c5 Qc7 22.
Qb5 dxc5 23. Qd7 Qxd7 24. exd7 Rd8 25. Bb5 e4 26. Bf4 Bd6 27. Bxd6 Rxd6 28. Rac1
Bc6 29. Rxc5 Bxb5 30. Rxb5 g6 31. g4 R8xd7 32. gxf5 gxf5 33. Rxa5 Rd5 34. Rxd5
Rxd5 35. Re3 Rd1+ 36. Kg2 Ra1 37. b3 Kf7 38. f3 exf3+ 39. Rxf3 Rb1 40. Rxf5+ Ke6
41. Rf3 Ke5 42. Kg3 Rc1 43. Kg4 Rc3 44. Rf5+ Ke6 45. Rf3 Ke5 46. Rf5+ Ke6 47.
Rf3 Ke5 48. Rf5+ 1/2-1/2

[Event "Russian Cup Final Women"]
[Site "Khanty-Mansiysk RUS"]
[Date "2015.12.05"]
[Round "1.1"]
[White "Girya, Olga"]
[Black "Mirzoeva, Elmira"]
[Result "1-0"]
[WhiteTitle "WGM"]
[BlackTitle "WGM"]
[WhiteElo "2456"]
[BlackElo "2379"]
[WhiteFideId "4195752"]
[BlackFideId "4127951"]
[EventDate "2015.12.05"]

1. e4 c5 2. Nc3 Nc6 3. Bb5 Nd4 4. Nf3 Nxb5 5. Nxb5 a6 6. Nc3 d6 7. d4 cxd4 8.
Qxd4 e5 9. Qd3 h6 10. Nd2 Nf6 11. Nc4 b5 12. Ne3 Be7 13. Ncd5 O-O 14. O-O Nxd5
15. Nxd5 Bb7 16. Ne3 g6 17. Rd1 Rc8 18. c3 Kg7 19. a4 bxa4 20. Rxa4 Qd7 21. Ra5
Qe6 22. Nd5 Bd8 23. Ra3 f5 24. Rb3 Rf7 25. exf5 gxf5 26. c4 Kh7 27. Ne3 Be4 28.
Qxd6 Qxd6 29. Rxd6 f4 30. Ng4 Rxc4 31. Rc3 Rd4 32. Rxh6+ Kg7 33. f3 Rd1+ 34. Kf2
Ba5 35. Ke2 Rg1 36. Kf2 Rh1 37. Rc5 Bd3 38. g3 Bb4 39. Rxe5 fxg3+ 40. hxg3 Rxc1
41. Rg5+ Kf8 42. Rh8+ Ke7 43. Re5+ Kd6 44. Rd8+ Kc7 45. Rxd3 Rc2+ 46. Re2 Bc5+
47. Ne3 Rc1 48. f4 Kb7 49. Kf3 Rb1 50. Rd1 Rxd1 51. Nxd1 Bd4 52. Rd2 Bg7 53. Ne3
a5 54. g4 Ka6 55. Nf5 Bh8 56. b3 Rc7 57. Rd3 Kb5 58. g5 Kb4 59. Ke4 Rc3 60. Rxc3
Kxc3 61. g6 Kxb3 62. g7 Bxg7 63. Nxg7 a4 64. Kd3 a3 65. Ne6 a2 66. Nd4+ Kb4 67.
Nc2+ Kc5 68. Na1 Kd5 69. Nb3 Ke6 70. Ke4 Kf6 71. f5 Kf7 72. Ke5 Ke7 73. f6+ Kf7
74. Kf5 Kf8 75. Ke6 Ke8 76. f7+ Kf8 77. Na1 1-0

[Event "Russian Cup Final Women"]
[Site "Khanty-Mansiysk RUS"]
[Date "2015.12.05"]
[Round "1.1"]
[White "Charochkina, Daria"]
[Black "Guseva, Marina"]
[Result "0-1"]
[WhiteTitle "IM"]
[BlackTitle "IM"]
[WhiteElo "2395"]
[BlackElo "2439"]
[WhiteFideId "4180917"]
[BlackFideId "4149351"]
[EventDate "2015.12.05"]

1. Nf3 d5 2. g3 Bg4 3. Bg2 Nd7 4. c4 e6 5. Qb3 Nc5 6. Qe3 Bxf3 7. Qxf3 c6 8. d4
Nd7 9. O-O Ngf6 10. Qd3 g6 11. cxd5 exd5 12. Qb3 Qb6 13. Qe3+ Be7 14. b3 Ng4 15.
Qf4 Ngf6 16. Bb2 O-O 17. Nc3 Rae8 18. Na4 Qd8 19. f3 Nh5 20. Qd2 Bg5 21. f4 Be7
22. g4 Ng7 23. e4 dxe4 24. Bxe4 Nf6 25. Bf3 Nd5 26. Nc5 Ne6 27. Nd3 Bf6 28. Ne5
Nexf4 29. Kh1 Bg5 30. Rae1 f6 31. Ba3 fxe5 32. Bxf8 Rxf8 33. Rxe5 Bf6 34. Re4
Be7 35. Bd1 Bd6 36. Rfe1 Bb4 0-1

[Event "Russian Cup Final Women"]
[Site "Khanty-Mansiysk RUS"]
[Date "2015.12.06"]
[Round "1.2"]
[White "Bodnaruk, Anastasia"]
[Black "Bivol, Alina"]
[Result "1/2-1/2"]
[WhiteTitle "IM"]
[BlackTitle "WIM"]
[WhiteElo "2456"]
[BlackElo "2344"]
[WhiteFideId "4181751"]
[BlackFideId "4100123"]
[EventDate "2015.12.05"]

1. e4 e6 2. d4 d5 3. Nc3 Bb4 4. e5 c5 5. a3 Bxc3+ 6. bxc3 Qa5 7. Bd2 Qa4 8. Qb1
c4 9. g3 Nc6 10. Bg2 Bd7 11. f4 Nge7 12. Nf3 O-O-O 13. O-O h5 14. Ng5 Rdf8 15.
f5 exf5 16. h4 Be6 17. Ra2 Rd8 18. Rb2 Rd7 19. Qa2 b5 20. Ra1 Rb7 21. Qb1 Qa6
22. Kh2 Ng8 23. Bf3 g6 24. Qh1 Nge7 25. Qe1 Qa5 26. Nh3 Rc7 27. Rbb1 Qa4 28. Qc1
Qa5 29. Nf4 Rd8 30. Qe1 Rb7 31. Qc1 Rdd7 32. Qe1 Rd8 33. Qc1 Rdd7 34. Qe1 Rd8
35. Qc1 Rdd7 36. Qe1 Rd8 37. Qc1 Rdd7 38. Qe1 Rd8 1/2-1/2

[Event "Russian Cup Final Women"]
[Site "Khanty-Mansiysk RUS"]
[Date "2015.12.06"]
[Round "1.2"]
[White "Mirzoeva, Elmira"]
[Black "Girya, Olga"]
[Result "1/2-1/2"]
[WhiteTitle "WGM"]
[BlackTitle "WGM"]
[WhiteElo "2379"]
[BlackElo "2456"]
[WhiteFideId "4127951"]
[BlackFideId "4195752"]
[EventDate "2015.12.05"]

1. d4 Nf6 2. c4 e6 3. Nf3 Bb4+ 4. Nbd2 b6 5. a3 Bxd2+ 6. Qxd2 Bb7 7. e3 a5 8. b3
d6 9. Be2 Nbd7 10. Bb2 O-O 11. O-O Qe7 12. Rfd1 e5 13. d5 b5 14. cxb5 Bxd5 15.
Bc4 Bxc4 16. bxc4 Nc5 17. Qc2 a4 18. Bc3 Nfd7 19. Rab1 f5 20. Qd2 Kh8 21. Bb4
Ne4 22. Qd5 Nb6 23. Qxe5 Qxe5 24. Nxe5 dxe5 25. f3 Nc3 26. Bxc3 Nxc4 27. Bb4
Rfd8 28. Kf2 Nb6 29. Rxd8+ Rxd8 30. Rc1 Rd7 31. Rc5 Nd5 32. Ba5 Kg8 33. e4 fxe4
34. fxe4 Nb6 1/2-1/2

[Event "Russian Cup Final Women"]
[Site "Khanty-Mansiysk RUS"]
[Date "2015.12.06"]
[Round "1.2"]
[White "Guseva, Marina"]
[Black "Charochkina, Daria"]
[Result "0-1"]
[WhiteTitle "IM"]
[BlackTitle "IM"]
[WhiteElo "2439"]
[BlackElo "2395"]
[WhiteFideId "4149351"]
[BlackFideId "4180917"]
[EventDate "2015.12.05"]

1. d4 f5 2. c4 Nf6 3. Nc3 e6 4. e3 b6 5. Bd3 Bb7 6. f3 c5 7. Nge2 Nc6 8. O-O Bd6
9. Bd2 Qb8 10. h3 O-O 11. a3 Nh5 12. f4 Qe8 13. Qc2 cxd4 14. exd4 Qg6 15. Rf2
Be7 16. g4 Nf6 17. Rg2 Nxd4 18. Nxd4 Bxg2 19. Nxf5 exf5 20. Bxf5 Qf7 21. Kxg2
Qxc4 22. g5 Nh5 23. Bxh7+ Kh8 24. Qe4 Rac8 25. Nd5 Bd6 26. Bg6 Qxe4+ 27. Bxe4
Nxf4+ 28. Bxf4 Bxf4 29. Ne7 Rfe8 30. Nxc8 Rxe4 31. Rd1 Bxg5 32. Nxa7 Re2+ 33.
Kf3 Rxb2 34. Rxd7 Rb3+ 35. Kg4 Bc1 36. a4 Rb4+ 37. Kf5 Kh7 38. Nc8 Rf4+ 39. Ke5
Rb4 40. Kf5 Be3 41. Ra7 b5 42. Re7 Rf4+ 43. Ke5 bxa4 0-1

[Event "Russian Cup Final Women"]
[Site "Khanty-Mansiysk RUS"]
[Date "2015.12.06"]
[Round "1.3"]
[White "Bivol, Alina"]
[Black "Bodnaruk, Anastasia"]
[Result "1-0"]
[WhiteTitle "WIM"]
[BlackTitle "IM"]
[WhiteElo "2344"]
[BlackElo "2456"]
[WhiteFideId "4100123"]
[BlackFideId "4181751"]
[EventDate "2015.12.05"]

1. e4 c5 2. Nf3 d6 3. d4 cxd4 4. Nxd4 Nf6 5. Nc3 a6 6. h3 e5 7. Nb3 Be7 8. g4
Be6 9. f4 exf4 10. Bxf4 O-O 11. Qe2 Nc6 12. O-O-O Qc7 13. g5 Nd7 14. Nd5 Bxd5
15. exd5 Nce5 16. Kb1 Rfe8 17. Qg2 Bf8 18. h4 Nc4 19. h5 Nde5 20. g6 fxg6 21.
hxg6 h6 22. Bxe5 Nxe5 23. Nd4 Be7 24. Qg3 Bf6 25. Bh3 Qb6 26. Nb3 a5 27. a4 Qb4
28. Be6+ Rxe6 29. dxe6 Qxa4 30. Qg2 Qb4 31. Rd4 Qb6 32. Qd5 Be7 33. Nc1 a4 34.
Qe4 a3 35. Rb4 Qc6 36. Qxc6 bxc6 37. bxa3 Nxg6 38. Rb7 Rxa3 39. Nb3 Bf6 40. Rg1
Ne7 41. Rf1 Nd5 42. c4 Nc3+ 43. Kc2 Ra2+ 44. Kd3 Na4 45. Rb8+ Kh7 46. Rxf6 Nb2+
47. Kc3 Nd1+ 48. Kd4 Re2 49. Rf1 Nb2 50. Re8 h5 51. e7 h4 52. Rf4 g5 53. Re4 c5+
54. Kd5 Kg7 1-0

[Event "Russian Cup Final Women"]
[Site "Khanty-Mansiysk RUS"]
[Date "2015.12.06"]
[Round "1.3"]
[White "Mirzoeva, Elmira"]
[Black "Girya, Olga"]
[Result "1-0"]
[WhiteTitle "WGM"]
[BlackTitle "WGM"]
[WhiteElo "2379"]
[BlackElo "2456"]
[WhiteFideId "4127951"]
[BlackFideId "4195752"]
[EventDate "2015.12.05"]

1. d4 Nf6 2. c4 e6 3. Nf3 Bb4+ 4. Nbd2 b6 5. a3 Bxd2+ 6. Qxd2 Bb7 7. e3 a5 8. b3
d6 9. Be2 Nbd7 10. Bb2 O-O 11. O-O Qe7 12. b4 e5 13. b5 e4 14. Ne1 Rfe8 15. Nc2
Nf8 16. d5 Bc8 17. Nd4 Ng4 18. h3 Ne5 19. f4 exf3 20. Nxf3 Nfg6 21. Nxe5 Nxe5
22. Rae1 Qg5 23. Kh2 Bd7 24. Qd4 Re7 25. Qf4 Qg6 26. e4 Rae8 27. Bc3 f6 28. Qh4
Rf8 29. Rd1 Qe8 30. Qf2 Nf7 31. Bd3 Ne5 32. Be2 Nf7 33. Bd3 Ng5 34. Qg3 Qh5 35.
Rde1 Kh8 36. e5 dxe5 37. Bxe5 Rxe5 38. Rxe5 Rg8 39. Re7 Bc8 40. Rxc7 Nf7 41. Qf3
Qxf3 42. gxf3 Ne5 43. Be4 f5 44. Bc2 Re8 45. Kg2 Ng6 46. d6 Nf4+ 47. Kg3 g5 48.
d7 Bxd7 49. Rxd7 Re2 50. Rf2 Re1 51. Bxf5 1-0

[Event "Russian Cup Final Women"]
[Site "Khanty-Mansiysk RUS"]
[Date "2015.12.06"]
[Round "1.3"]
[White "Charochkina, Daria"]
[Black "Guseva, Marina"]
[Result "1/2-1/2"]
[WhiteTitle "IM"]
[BlackTitle "IM"]
[WhiteElo "2395"]
[BlackElo "2439"]
[WhiteFideId "4180917"]
[BlackFideId "4149351"]
[EventDate "2015.12.05"]

1. e4 c6 2. Nc3 d5 3. Nf3 Bg4 4. h3 Bxf3 5. Qxf3 e6 6. d4 dxe4 7. Qxe4 Nf6 8.
Qh4 Nbd7 9. Bd3 g6 10. O-O Bg7 11. Ne2 Nd5 12. Qg3 Nb4 13. Bg5 Bf6 14. Bh6 Nxd3
15. Qxd3 Bg5 16. Bxg5 Qxg5 17. c4 O-O 18. Qb3 Rab8 19. Rad1 Rfd8 20. Nc3 Nf6 21.
Rfe1 Qf4 22. Ne2 Qh4 23. Qf3 Nh5 24. g4 Ng7 25. Kg2 Rd7 26. Nc3 f5 27. d5 fxg4
28. Qxg4 Qxg4+ 29. hxg4 exd5 30. cxd5 cxd5 31. Nxd5 Rf7 32. f4 Re8 33. Rxe8+
Nxe8 34. Re1 Nf6 35. Nxf6+ Rxf6 36. Re8+ Kf7 37. Rb8 Rxf4 38. Rxb7+ Kf6 39. Kg3
Ra4 40. a3 h5 41. gxh5 gxh5 42. Rb5 Kg6 43. Rc5 Rd4 1/2-1/2

[Event "Russian Cup Final Women"]
[Site "Khanty-Mansiysk RUS"]
[Date "2015.12.06"]
[Round "1.4"]
[White "Bodnaruk, Anastasia"]
[Black "Bivol, Alina"]
[Result "1/2-1/2"]
[WhiteTitle "IM"]
[BlackTitle "WIM"]
[WhiteElo "2456"]
[BlackElo "2344"]
[WhiteFideId "4181751"]
[BlackFideId "4100123"]
[EventDate "2015.12.05"]

1. e4 e6 2. d4 d5 3. Nc3 Bb4 4. e5 c5 5. a3 Bxc3+ 6. bxc3 Qa5 7. Bd2 Qa4 8. Qg4
Kf8 9. Qd1 Nc6 10. Nf3 b6 11. h4 Ba6 12. h5 h6 13. Rh4 Bxf1 14. Kxf1 Nge7 15.
Rf4 Rc8 16. Kg1 Qc4 17. Nh4 cxd4 18. cxd4 Ke8 19. Be3 Qc3 20. Rf3 Qc4 21. Rg3
Rg8 22. Rg4 Nf5 23. Nxf5 exf5 24. Rf4 Ne7 25. Rc1 Rc6 26. Rh4 Qc3 27. Rh3 Qa5
28. Bd2 Qa4 29. Bb4 Nc8 30. Qf3 a5 31. Bd6 Qxd4 32. Qxf5 Qe4 33. Qxe4 dxe4 34.
Bb8 Kd7 35. c4 Ne7 36. Bd6 Nf5 37. c5 bxc5 38. Bxc5 Rgc8 39. Rd1+ Ke6 40. Ba7
Rc3 41. Rxc3 Rxc3 42. a4 Ra3 43. Rd8 Kxe5 44. Bb8+ Kf6 45. g4 Nh4 46. Re8 Nf3+
47. Kg2 Rxa4 48. Bc7 Kg5 49. Kg3 Ra3 50. Bf4+ Kf6 51. Be3 Ne5 52. Kf4 g5+ 53.
Kxe4 Nc6 54. Bc5 Rc3 55. Be3 a4 56. Ra8 a3 57. Ra6 Ke7 58. Bd2 Rc2 59. Kd3 Rc5
60. Rxa3 Rd5+ 61. Ke2 Nd4+ 62. Kf1 Nc6 63. Be3 Ne5 64. Ra4 Ke6 65. Kg2 Rd6 66.
Kg3 f5 67. gxf5+ Kxf5 68. Ra5 Ke4 69. Ra8 Nd7 70. Rh8 Kf5 71. Kf3 Ne5+ 72. Kg3
Nd7 73. Kh3 Ne5 74. Rf8+ Ke6 75. Kg3 Nd7 76. Rh8 Kf5 77. Kh3 Ne5 78. Rf8+ Ke6
79. f4 gxf4 80. Bxf4 Rd3+ 81. Bg3 1/2-1/2

[Event "Russian Cup Final Women"]
[Site "Khanty-Mansiysk RUS"]
[Date "2015.12.06"]
[Round "1.4"]
[White "Girya, Olga"]
[Black "Mirzoeva, Elmira"]
[Result "1-0"]
[WhiteTitle "WGM"]
[BlackTitle "WGM"]
[WhiteElo "2456"]
[BlackElo "2379"]
[WhiteFideId "4195752"]
[BlackFideId "4127951"]
[EventDate "2015.12.05"]

1. e4 c5 2. Nc3 Nc6 3. Bb5 Nd4 4. Bc4 g6 5. Nf3 Bg7 6. Nxd4 cxd4 7. Qf3 Nh6 8.
d3 O-O 9. Ne2 Ng4 10. Bb3 d6 11. Qg3 a5 12. a4 Qb6 13. O-O e5 14. f4 exf4 15.
Nxf4 Be5 16. Qf3 Ne3 17. Bxe3 dxe3 18. Nd5 Qc5 19. c3 e2+ 20. Rf2 Qa7 21. d4 Bg7
22. Qxe2 Be6 23. Raf1 Kh8 24. Bc4 f5 25. Ne3 Rae8 26. Bxe6 Rxe6 27. exf5 gxf5
28. Qd3 f4 29. Rxf4 Rxf4 30. Rxf4 Bh6 31. Re4 Rxe4 32. Qxe4 Bxe3+ 33. Qxe3 Qb6
34. Qe2 Qb3 35. Qb5 Qd1+ 36. Qf1 Qg4 37. Qf8+ Qg8 38. Qxg8+ Kxg8 39. Kf2 d5 40.
Ke3 Kf7 41. Kf4 Kf6 42. g4 h6 43. h4 b6 44. g5+ hxg5+ 45. hxg5+ Ke6 46. b3 1-0

[Event "Russian Cup Final Women"]
[Site "Khanty-Mansiysk RUS"]
[Date "2015.12.06"]
[Round "1.4"]
[White "Guseva, Marina"]
[Black "Charochkina, Daria"]
[Result "0-1"]
[WhiteTitle "IM"]
[BlackTitle "IM"]
[WhiteElo "2439"]
[BlackElo "2395"]
[WhiteFideId "4149351"]
[BlackFideId "4180917"]
[EventDate "2015.12.05"]

1. d4 f5 2. c4 e6 3. Nf3 Nf6 4. g3 Be7 5. Bg2 O-O 6. O-O c6 7. b3 d5 8. Ba3 Nbd7
9. Bxe7 Qxe7 10. Nbd2 b6 11. Rc1 Ba6 12. Re1 Rac8 13. e3 c5 14. cxd5 Nxd5 15.
Nc4 cxd4 16. Nxd4 N7f6 17. Nxf5 exf5 18. Bxd5+ Kh8 19. Bg2 Ne4 20. Qd4 Bxc4 21.
Rxc4 Rcd8 22. Qb2 Nc5 23. Bf1 a5 24. Rd4 Rxd4 25. Qxd4 Rd8 26. Qf4 Qf6 27. Qf3
Rd2 28. Rd1 Rxd1 29. Qxd1 h6 30. Bc4 Kh7 31. Qd5 Qf8 32. Kg2 g6 33. h4 h5 34. a3
Kh6 35. Qe5 Nd7 36. Qf4+ Kg7 37. Qd4+ Nf6 38. Qxb6 Qxa3 39. Qc7+ Kh6 40. Qf7 Qb2
41. Qf8+ Kh7 42. Qe7+ Kh6 43. Qd8 Kh7 44. Qxa5 Ng4 45. Qc7+ Kh6 46. Qf4+ Kh7 47.
Qf3 Kh6 48. Qe2 Qe5 49. b4 Qe4+ 50. f3 Qxc4 51. Qd2 Qc2 52. Qxc2 Nxe3+ 53. Kf2
Nxc2 54. b5 Nd4 55. b6 Kg7 56. Ke3 Nc6 57. Kf4 Kf6 58. g4 Nb8 59. b7 Nc6 60. Ke3
Ke5 61. gxh5 gxh5 62. f4+ Kd5 63. Kd3 Nb4+ 64. Kc3 Na6 65. Kb3 Nc5+ 0-1

[Event "Russian Cup Final Women"]
[Site "Khanty-Mansiysk RUS"]
[Date "2015.12.06"]
[Round "1.5"]
[White "Mirzoeva, Elmira"]
[Black "Girya, Olga"]
[Result "1-0"]
[WhiteTitle "WGM"]
[BlackTitle "WGM"]
[WhiteElo "2379"]
[BlackElo "2456"]
[WhiteFideId "4127951"]
[BlackFideId "4195752"]
[EventDate "2015.12.05"]

1. d4 Nf6 2. Nf3 e6 3. e3 d5 4. c4 b6 5. Bd3 Bb7 6. O-O Bd6 7. b3 Nbd7 8. Bb2
O-O 9. Nc3 a6 10. Rc1 Qe7 11. Rc2 Rad8 12. Qe2 dxc4 13. bxc4 c5 14. h3 Rfe8 15.
Rd1 Rc8 16. Rcd2 h6 17. Bc2 cxd4 18. exd4 Bxf3 19. Qxf3 Rxc4 20. Qd3 Rcc8 21.
Re2 b5 22. Nd5 Qd8 23. Nxf6+ Nxf6 24. d5 e5 25. Qf5 Qd7 26. Qf3 Rc4 27. Bf5 Qa7
28. g3 a5 29. Bd3 Rc5 30. Bb1 Qb7 31. Red2 Qc7 32. Qf5 Qc8 33. Qxc8 Rexc8 34.
Kg2 b4 35. Re1 Rd8 36. Bxe5 Bxe5 37. Rxe5 Rcxd5 38. Rdxd5 Rxd5 39. Re7 Kf8 40.
Ra7 g5 41. Kf3 Rd2 42. Ke3 Rd5 43. f4 gxf4+ 44. gxf4 Nd7 45. Be4 Rc5 46. Rxd7
Rc3+ 47. Rd3 Rc5 48. Bd5 Rc1 49. Kd4 Rf1 50. Rf3 Rd1+ 51. Ke5 a4 52. f5 Ke7 53.
f6+ Kd7 54. Rg3 b3 55. axb3 a3 56. b4 Re1+ 57. Kd4 Rd1+ 58. Kc5 Rc1+ 59. Bc4 Ra1
60. Rg7 a2 61. Rxf7+ Ke8 62. Ra7 Kf8 63. Ra8# 1-0

[Event "Russian Cup Final Women"]
[Site "Khanty-Mansiysk RUS"]
[Date "2015.12.07"]
[Round "2.1"]
[White "Mirzoeva, Elmira"]
[Black "Bivol, Alina"]
[Result "0-1"]
[WhiteTitle "WGM"]
[BlackTitle "WIM"]
[WhiteElo "2379"]
[BlackElo "2344"]
[WhiteFideId "4127951"]
[BlackFideId "4100123"]
[EventDate "2015.12.05"]

1. Nf3 Nf6 2. c4 d6 3. d4 g6 4. Nc3 Bg7 5. e4 Bg4 6. Be3 O-O 7. Be2 Nfd7 8. O-O
Nc6 9. d5 Bxf3 10. Bxf3 Na5 11. Be2 Nb6 12. Bxb6 Bxc3 13. Bd4 Bxd4 14. Qxd4 e5
15. Qc3 b6 16. g3 Nb7 17. b4 a5 18. a3 Qe7 19. Bd3 Rfc8 20. f4 exf4 21. gxf4 Qh4
22. Qe1 Qg4+ 23. Qg3 Qxg3+ 24. hxg3 Re8 25. Kf2 f6 26. Ke3 Ra7 27. Kd4 Rea8 28.
b5 Nc5 29. Bc2 Re8 30. Rae1 Raa8 31. Rf2 Re7 32. Rfe2 Nd7 33. Bd1 Rae8 34. Re3
Kg7 35. Bg4 Nc5 36. Bd1 Nd7 37. Rg1 f5 38. Rge1 fxe4 39. Rxe4 Rxe4+ 40. Rxe4
Rxe4+ 41. Kxe4 Kf6 42. Bg4 Nc5+ 43. Ke3 g5 44. Bc8 gxf4+ 45. Kxf4 Nd3+ 46. Ke3
Ne5 47. Kd4 Kg5 48. Be6 h6 49. Bc8 Nf3+ 50. Ke3 Ne5 51. Kd4 h5 52. Be6 Ng6 53.
Ke4 Ne5 54. Kd4 h4 55. gxh4+ Kxh4 56. Bf5 Kg3 57. Be4 Kf2 58. Bh7 Ke2 59. Kc3
Ke3 60. Bf5 Nf3 61. Bg6 Nd2 62. Bf5 Ne4+ 63. Bxe4 Kxe4 64. Kb3 Kd3 65. Ka4 Kc3
66. c5 Kd4 67. cxb6 cxb6 68. Kb3 Kxd5 69. Kc3 Ke4 70. a4 d5 71. Kd2 Kd4 72. Kc2
Ke3 73. Kc3 d4+ 74. Kc4 d3 75. Kd5 d2 76. Kc6 d1=Q 77. Kxb6 Qxa4 0-1

[Event "Russian Cup Final Women"]
[Site "Khanty-Mansiysk RUS"]
[Date "2015.12.08"]
[Round "2.2"]
[White "Bivol, Alina"]
[Black "Mirzoeva, Elmira"]
[Result "1-0"]
[WhiteTitle "WIM"]
[BlackTitle "WGM"]
[WhiteElo "2344"]
[BlackElo "2379"]
[WhiteFideId "4100123"]
[BlackFideId "4127951"]
[EventDate "2015.12.05"]

1. e4 c5 2. Nf3 Nc6 3. d4 cxd4 4. Nxd4 g6 5. Nc3 Bg7 6. Be3 Nf6 7. f3 O-O 8. g4
Qb6 9. Rb1 Nxe4 10. fxe4 Nxd4 11. Nd5 Qe6 12. Bg2 Nc6 13. Nc7 Qe5 14. Nxa8 Qb8
15. Nb6 axb6 16. O-O Qc7 17. b3 d6 18. h3 Be6 19. Qd2 b5 20. c3 Ra8 21. Rf2 Qa5
22. Rc1 Rd8 23. Kh1 Qa3 24. Rc2 Be5 25. Bd4 b4 26. Qe3 Kg7 27. Bxe5+ dxe5 28.
Qc5 Rd6 29. cxb4 Nxb4 30. Rcd2 b6 31. Qxe5+ f6 32. Qc3 Rc6 33. Qf3 Rc5 34. Rde2
Nc6 35. Qe3 h5 36. e5 Nxe5 37. g5 Rc1+ 38. Rf1 Rxf1+ 39. Bxf1 Qb4 40. Bg2 Bf5
41. Rd2 Qh4 42. gxf6+ exf6 43. Rd4 Ng4 44. Kg1 Nxe3 45. Rxh4 g5 46. Rb4 Bb1 47.
a4 f5 48. Rxb6 f4 49. a5 g4 50. hxg4 hxg4 51. a6 Nxg2 52. Kxg2 g3 53. Rb4 Bf5
54. Rxf4 Bc8 55. a7 1-0